000 01062nam a22002895i 4500
001 12015
003 ES-MaACL
005 20250818102741.0
007 t|
008 950504s1994 sp ||||0| spa j
020 _a84-8173-012-2
040 _aM-BN
_bspa
_cM-BN
080 _a929 Juan (460.18) I
080 _a946.018"1379/90"
100 1 _aSuárez Fernández, Luis,
_d1924-2024
_9240112
245 1 0 _aJuan I de Trastamara, 1379-1390 /
_cLuis Suárez Fernández.
260 _aPalencia :
_bDiputación Provincial ;
_aBurgos :
_bLa Olmeda,
_c1994.
300 _a316 p ;
_c22 cm.
490 1 _aCorona de España. I. Reyes de Castilla y León
504 _aFuentes documentales y bibliográficas: p. 307-312.
600 1 4 _aJuan
_bI
_cRey de Castilla.
_967121
651 _aCastilla (Reino)-
_xHistoria-
_y1379-1390, Juan I.
_97994
710 1 _aPalencia (Provincia).
_bDiputación Provincial.
_96107
830 0 0 _aCorona de España.
_pReyes de Castilla y León
_9179243
852 _aES-MaACL
_jL-19325
_bR.124717
999 _c12015
_d12015